The valuation of property investments (Record no. 110195)
[ view plain ]
| 000 -LEADER | |
|---|---|
| fixed length control field | 00992cam a22003015a 4500 |
| 001 - CONTROL NUMBER | |
| control field | L148735 |
| 008 - FIXED-LENGTH DATA ELEMENTS--GENERAL INFORMATION | |
| fixed length control field | 091029s2010 xxk f 000 0 eng d |
| 020 ## - INTERNATIONAL STANDARD BOOK NUMBER | |
| International Standard Book Number | 9780728205505 |
| 035 ## - SYSTEM CONTROL NUMBER | |
| System control number | (Sirsi) u148735 |
| 041 0# - LANGUAGE CODE | |
| Language code of text/sound track or separate title | eng |
| 050 04 - LIBRARY OF CONGRESS CALL NUMBER | |
| Classification number | 333.332 $2 18 |
| 100 1# - MAIN ENTRY--PERSONAL NAME | |
| Personal name | Enever, Nigel |
| 245 04 - TITLE STATEMENT | |
| Title | The valuation of property investments |
| 250 ## - EDITION STATEMENT | |
| Edition statement | 7th ed. |
| 260 ## - PUBLICATION, DISTRIBUTION, ETC. | |
| Place of publication, distribution, etc. | Oxford |
| Name of publisher, distributor, etc. | EG Books |
| Date of publication, distribution, etc. | 2010 |
| 300 ## - PHYSICAL DESCRIPTION | |
| Extent | xii, 220p. |
| Dimensions | 22cm. |
| 350 ## - PRICE (NR) (BK AM CF MU VM SE) [OBSOLETE] | |
| Price | 32.99 |
| 520 ## - SUMMARY, ETC. | |
| Summary, etc. | Covers all major aspects of valuing various types of investment property, including problems of inflation and growth, the equated rent principle and the special problems of short leaseholds, reversionary investments and taxation implications. |
| 520 ## - SUMMARY, ETC. | |
| Summary, etc. | Supersedes sixth edition (ISBN 0728203693). |
| 521 ## - TARGET AUDIENCE NOTE | |
| Target audience note | Advanced |
| 590 ## - LOCAL NOTE (RLIN) | |
| Local note | KA |
| 651 #4 - SUBJECT ADDED ENTRY--GEOGRAPHIC NAME | |
| Geographic name | United Kingdom |
| Chronological subdivision | |
| 690 ## - LOCAL SUBJECT ADDED ENTRY--TOPICAL TERM (OCLC, RLIN) | |
| Topical term or geographic name as entry element | PROPERTY-PROPERTY APPRAISAL AND VALUATION |
| 700 1# - ADDED ENTRY--PERSONAL NAME | |
| Personal name | Isaac, David |
| 700 1# - ADDED ENTRY--PERSONAL NAME | |
| Personal name | Daley, Mark |
| 942 ## - ADDED ENTRY ELEMENTS (KOHA) | |
| Suppress in OPAC | 0 |
| Withdrawn status | Lost status | Source of classification or shelving scheme | Damaged status | Not for loan | Home library | Current library | Shelving location | Date acquired | Cost, normal purchase price | Total Checkouts | Full call number | Barcode | Date last seen | Date last checked out | Copy number | Cost, replacement price | Price effective from | Koha item type |
|---|---|---|---|---|---|---|---|---|---|---|---|---|---|---|---|---|---|---|
| Dewey Decimal Classification | London | London | Books | 16/12/2009 | 32.99 | 1 | 333.332 ENE | 30076574 | 06/08/2019 | 22/01/2010 | 1 | 32.99 | 06/08/2019 | Book | ||||
| Dewey Decimal Classification | London | London | Books | 11/01/2010 | 333.332 ENE | 30076573 | 06/08/2019 | 2 | 06/08/2019 | Reference material |